<?xml version="1.0" encoding="UTF-8"?>
<record
    xmlns:xsi="http://www.w3.org/2001/XMLSchema-instance"
    xsi:schemaLocation="http://www.loc.gov/MARC21/slim http://www.loc.gov/standards/marcxml/schema/MARC21slim.xsd"
    xmlns="http://www.loc.gov/MARC21/slim">

  <leader>00794nam a2200217 i 4500</leader>
  <controlfield tag="001">185014</controlfield>
  <controlfield tag="003">ES-MaACL</controlfield>
  <controlfield tag="005">20250903084341.0</controlfield>
  <controlfield tag="008">160307s1908    gw           |||| | ger d</controlfield>
  <datafield tag="110" ind1="2" ind2=" ">
    <subfield code="a">Karl W. Hiersemann (Firma)</subfield>
    <subfield code="9">159387</subfield>
  </datafield>
  <datafield tag="245" ind1="1" ind2="0">
    <subfield code="a">Russland </subfield>
    <subfield code="b">:  III. Teil : russische sprache und literatur bibliographie theologie und liturgie.</subfield>
  </datafield>
  <datafield tag="260" ind1=" " ind2=" ">
    <subfield code="a">Leipzig : </subfield>
    <subfield code="b">Karl W. Hiersemann, </subfield>
    <subfield code="c">1908.</subfield>
  </datafield>
  <datafield tag="300" ind1=" " ind2=" ">
    <subfield code="a">22, [6] p. ; </subfield>
    <subfield code="c">21 cm.</subfield>
  </datafield>
  <datafield tag="594" ind1=" " ind2=" ">
    <subfield code="a">Precede al t&#xED;t.: Catalog 359.</subfield>
  </datafield>
  <datafield tag="610" ind1="2" ind2=" ">
    <subfield code="a">Karl W. Hiersemann (Firma)-</subfield>
    <subfield code="v">Cat&#xE1;logos.</subfield>
    <subfield code="9">158963</subfield>
  </datafield>
  <datafield tag="650" ind1=" " ind2="7">
    <subfield code="a">Cat&#xE1;logos de editores-</subfield>
    <subfield code="y">S.XX</subfield>
    <subfield code="2"></subfield>
    <subfield code="9">169795</subfield>
  </datafield>
  <datafield tag="650" ind1=" " ind2="7">
    <subfield code="a">Cat&#xE1;logos de editores-</subfield>
    <subfield code="y">S.XX</subfield>
    <subfield code="2"></subfield>
    <subfield code="9">169795</subfield>
  </datafield>
  <datafield tag="650" ind1=" " ind2="4">
    <subfield code="a">Cat&#xE1;logos de editores-</subfield>
    <subfield code="z">Alemania</subfield>
    <subfield code="9">12066</subfield>
  </datafield>
  <datafield tag="852" ind1=" " ind2=" ">
    <subfield code="a">ES-MaACL</subfield>
    <subfield code="j">1511-F-13</subfield>
  </datafield>
  <datafield tag="999" ind1=" " ind2=" ">
    <subfield code="c">185014</subfield>
    <subfield code="d">185014</subfield>
  </datafield>
  <datafield tag="952" ind1=" " ind2=" ">
    <subfield code="0">0</subfield>
    <subfield code="1">0</subfield>
    <subfield code="4">0</subfield>
    <subfield code="7">0</subfield>
    <subfield code="8">Colecci&#xF3;n_de_folletos</subfield>
    <subfield code="a">ATENEOM</subfield>
    <subfield code="b">ATENEOM</subfield>
    <subfield code="c">DEPOF</subfield>
    <subfield code="d">2016-03-07</subfield>
    <subfield code="e">SC</subfield>
    <subfield code="l">0</subfield>
    <subfield code="o">1511-F-13</subfield>
    <subfield code="p">1194874</subfield>
    <subfield code="r">2023-02-23 00:00:00</subfield>
    <subfield code="w">2023-02-23</subfield>
    <subfield code="y">FOLLETOS</subfield>
  </datafield>
</record>
